[Event "CRO-chT1B 28th"]
[Site "Mali Losinj"]
[Date "2019.10.05"]
[Round "8.36"]
[White "Blagojevic, Marijan"]
[Black "Ivankovic, Ivo"]
[Result "1-0"]
[WhiteElo "2196"]
[BlackElo "2054"]
[PlyCount "97"]
[EventDate "2019.09.28"]
[EventType "team-tourn"]
[EventRounds "9"]
[EventCountry "CRO"]
[SourceTitle "EXT 2020"]
[Source "ChessBase"]
[SourceDate "2019.10.17"]
[SourceVersion "1"]
[SourceVersionDate "2019.10.17"]
[SourceQuality "1"]
[WhiteTeam "Bjelovar"]
[BlackTeam "Dubrovnik"]
[WhiteTeamCountry "CRO"]
[BlackTeamCountry "CRO"]

1. d4 Nf6 2. c4 c5 3. Nf3 cxd4 4. Nxd4 e5 5. Nb5 d5 6. cxd5 Qa5+ 7. N5c3 b5 8. Nd2 b4 9. Nce4 Nxe4 10. Nxe4 Bb7 11. Ng3 Bxd5 12. e4 Be6 13. Bd2 Bc5 14. Be2 0-0 15. 0-0 Qb6 16. Bg4 Nc6 17. Rc1 Nd4 18. Bxe6 fxe6 19. Be3 Rf6 20. Kh1 Raf8 21. Qd3 Rd8 22. Qc4 Be7 23. Nf5 Bf8 24. Nxd4 exd4 25. Bg5 Kh8 26. Qc7 Re8 27. Qxb6 axb6 28. Bxf6 gxf6 29. Rfd1 Bc5 30. Rc2 Ra8 31. b3 e5 32. g3 Kg7 33. Kg2 Kf7 34. f4 Rg8 35. fxe5 fxe5 36. Rf2+ Ke6 37. Rf5 Rg4 38. Kf3 Rg6 39. Rd2 h6 40. g4 Kd6 41. h4 Ke6 42. Rh2 Be7 43. Rc2 Bc5 44. g5 h5 45. Ke2 Kd6 46. Kd3 Ke6 47. Rcf2 Be7 48. Rc2 Bc5 49. Rc1 1-0

[Event "CRO-chT1B 28th"]
[Site "Mali Losinj"]
[Date "2019.10.02"]
[Round "5.26"]
[White "Ivankovic, Ivo"]
[Black "Bubalovic, Davorin"]
[Result "1/2-1/2"]
[WhiteElo "2054"]
[BlackElo "2212"]
[PlyCount "62"]
[EventDate "2019.09.28"]
[EventType "team-tourn"]
[EventRounds "9"]
[EventCountry "CRO"]
[SourceTitle "EXT 2020"]
[Source "ChessBase"]
[SourceDate "2019.10.17"]
[SourceVersion "1"]
[SourceVersionDate "2019.10.17"]
[SourceQuality "1"]
[WhiteTeam "Dubrovnik"]
[BlackTeam "Vinkovci"]
[WhiteTeamCountry "CRO"]
[BlackTeamCountry "CRO"]

1. c4 Nf6 2. Nc3 g6 3. Nf3 Bg7 4. g3 d6 5. Bg2 0-0 6. 0-0 e5 7. d3 c6 8. c5 Re8 9. cxd6 Qxd6 10. Qa4 Na6 11. Qh4 Nc5 12. Bh6 Bh8 13. Ng5 Qd4 14. Nf3 Qxh4 15. Nxh4 Ne6 16. Bd2 Bd7 17. Rac1 Rac8 18. b4 Bg7 19. Rfe1 Bf8 20. a3 Nd4 21. Bg5 Kg7 22. Bxf6+ Kxf6 23. Ne4+ Kg7 24. Nc5 Bg4 25. f3 b6 26. fxg4 bxc5 27. bxc5 a5 28. Rc4 Nb3 29. a4 Bxc5+ 30. Kh1 Bb4 31. Rd1 c5 1/2-1/2

[Event "CRO-chT1B 28th"]
[Site "Mali Losinj"]
[Date "2019.10.01"]
[Round "4.56"]
[White "Antunac, Goran"]
[Black "Ivankovic, Ivo"]
[Result "1/2-1/2"]
[WhiteElo "2379"]
[BlackElo "2054"]
[PlyCount "117"]
[EventDate "2019.09.28"]
[EventType "team-tourn"]
[EventRounds "9"]
[EventCountry "CRO"]
[SourceTitle "EXT 2020"]
[Source "ChessBase"]
[SourceDate "2019.10.17"]
[SourceVersion "1"]
[SourceVersionDate "2019.10.17"]
[SourceQuality "1"]
[WhiteTeam "Sesvete Agroproteinka"]
[BlackTeam "Dubrovnik"]
[WhiteTeamCountry "CRO"]
[BlackTeamCountry "CRO"]

1. d4 Nf6 2. Nf3 e6 3. c4 d5 4. Nbd2 Be7 5. g3 0-0 6. Bg2 b6 7. 0-0 Bb7 8. b3 Nbd7 9. Bb2 Ne4 10. Qc2 Nxd2 11. Nxd2 c5 12. cxd5 Bxd5 13. Bxd5 exd5 14. Qf5 Nf6 15. dxc5 bxc5 16. Rac1 Qb6 17. Nf3 Rfd8 18. Rc2 Rac8 19. Rfc1 Qe6 20. Qxe6 fxe6 21. Ng5 Rc6 22. e3 Nd7 23. Nf3 a5 24. a4 Rb6 25. Nd2 Rdb8 26. Bc3 Ra8 27. Rb2 Bf6 28. Bxf6 gxf6 29. Rbc2 Rab8 30. g4 Kf7 31. Kg2 Kg6 32. Kg3 Rb4 33. f4 h5 34. h3 Rh8 35. Rf1 hxg4 36. hxg4 Kf7 37. Rcc1 Rg8 38. Rh1 Kg7 39. Rh5 Rh8 40. Rxh8 Kxh8 41. Kf3 Kg7 42. g5 fxg5 43. Rg1 c4 44. bxc4 dxc4 45. Ne4 Rxa4 46. Rxg5+ Kf8 47. Rb5 Ke7 48. Rb7 Rb4 49. Ra7 Rb5 50. Rc7 Kd8 51. Rxc4 Nb6 52. Rd4+ Rd5 53. Nc5 Ke7 54. Rxd5 exd5 55. Ke2 a4 56. Kd3 a3 57. Kd4 a2 58. Nb3 Ke6 59. e4 1/2-1/2

[Event "CRO Cup"]
[Site "Mali Losinj"]
[Date "2019.05.19"]
[Round "6.94"]
[White "Starcevic, Kresimir"]
[Black "Ivankovic, Ivo"]
[Result "1/2-1/2"]
[WhiteElo "2131"]
[BlackElo "2081"]
[PlyCount "137"]
[EventDate "2019.05.15"]
[EventType "team-swiss"]
[EventRounds "6"]
[EventCountry "CRO"]
[SourceTitle "CBM 190 Extra"]
[Source "ChessBase"]
[SourceDate "2019.07.15"]
[SourceVersion "1"]
[SourceVersionDate "2019.07.15"]
[SourceQuality "1"]
[WhiteTeam "Zagreb Koncar"]
[BlackTeam "Dubrovnik"]
[WhiteTeamCountry "CRO"]
[BlackTeamCountry "CRO"]

1. e4 e6 2. d4 d5 3. Nc3 dxe4 4. Nxe4 Bd7 5. Nf3 Bc6 6. Bd3 Nd7 7. 0-0 Ngf6 8. Ng3 Be7 9. b3 0-0 10. Bb2 Bxf3 11. Qxf3 c6 12. c4 Re8 13. Rfe1 Nf8 14. h4 Qb6 15. Bc2 Rad8 16. h5 h6 17. Rad1 Rd7 18. a3 a5 19. Re2 Red8 20. Rde1 N8h7 21. Bxh7+ Nxh7 22. Ne4 Rxd4 23. c5 Bxc5 24. Nxc5 Qxc5 25. Bxd4 Rxd4 26. Re5 Qxa3 27. Qc3 Rd8 28. Rxa5 Qe7 29. b4 Nf6 30. f3 Nd5 31. Qc5 Qh4 32. Raa1 Qxb4 33. Qf2 b6 34. Re4 Qe7 35. f4 c5 36. f5 Qf6 37. Ree1 Qxf5 38. Qxf5 exf5 39. Re5 Nc7 40. Rxf5 Ne6 41. Rb1 Rb8 42. Kf2 b5 43. Ke3 b4 44. Re5 Ra8 45. Kd3 Ra3+ 46. Kc4 Rg3 47. Rb2 Rg5 48. Rxg5 hxg5 49. Kd5 Kh7 50. g3 g6 51. Rf2 gxh5 52. Rxf7+ Ng7 53. Kxc5 Kg6 54. Rf3 Nf5 55. Kxb4 Nxg3 56. Rxg3 h4 57. Rg1 Kh5 58. Kc3 h3 59. Kd2 Kh4 60. Ke2 h2 61. Rh1 Kg3 62. Ke3 g4 63. Rc1 Kh3 64. Kf4 g3 65. Rb1 g2 66. Rb3+ Kh4 67. Rb8 Kh5 68. Kf5 Kh6 69. Kf6 1/2-1/2

[Event "CRO Cup"]
[Site "Mali Losinj"]
[Date "2019.05.15"]
[Round "1.74"]
[White "Ivankovic, Ivo"]
[Black "Valkovic, Kristian"]
[Result "1/2-1/2"]
[WhiteElo "2081"]
[BlackElo "2055"]
[PlyCount "72"]
[EventDate "2019.05.15"]
[EventType "team-swiss"]
[EventRounds "6"]
[EventCountry "CRO"]
[SourceTitle "CBM 190 Extra"]
[Source "ChessBase"]
[SourceDate "2019.07.15"]
[SourceVersion "1"]
[SourceVersionDate "2019.07.15"]
[SourceQuality "1"]
[WhiteTeam "Dubrovnik"]
[BlackTeam "Pula"]
[WhiteTeamCountry "CRO"]
[BlackTeamCountry "CRO"]

1. c4 f5 2. e4 fxe4 3. d3 Nf6 4. Nc3 e5 5. dxe4 Bc5 6. Be2 0-0 7. Nf3 d6 8. a3 a5 9. Qd3 Nc6 10. Be3 Bxe3 11. Qxe3 Bg4 12. Nb5 Qe7 13. h3 Bh5 14. 0-0 Bg6 15. Nd2 Nd8 16. f4 exf4 17. Rxf4 Ne6 18. Rff1 Nc5 19. Bf3 c6 20. Nc3 a4 21. Rae1 Qe5 22. Bd1 Rfe8 23. Bc2 b6 24. Nf3 Qe6 25. Qd4 Red8 26. Rf2 Bf7 27. Nd2 Qe5 28. Qe3 Re8 29. Rf5 Qxf5 30. exf5 Rxe3 31. Rxe3 Kf8 32. g4 h6 33. Kf2 d5 34. cxd5 Nxd5 35. Nxd5 Bxd5 36. Ne4 Nxe4+ 1/2-1/2

[Event "EU-ch 20th"]
[Site "Skopje"]
[Date "2019.03.28"]
[Round "10"]
[White "Ivankovic, Ivo"]
[Black "Unuk, Laura"]
[Result "0-1"]
[WhiteElo "2109"]
[BlackElo "2266"]
[PlyCount "64"]
[EventDate "2019.03.18"]
[EventType "swiss"]
[EventRounds "11"]
[EventCountry "MKD"]
[SourceTitle "CBM 189"]
[Source "ChessBase"]
[SourceDate "2019.04.29"]
[SourceVersion "1"]
[SourceVersionDate "2019.04.29"]
[SourceQuality "1"]

1. b4 c5 2. bxc5 e5 3. Bb2 Nc6 4. Nf3 Bxc5 5. e3 Qe7 6. Be2 Nf6 7. 0-0 e4 8. Nd4 d5 9. Nb3 Bd6 10. f4 exf3 11. Bxf3 Ne5 12. Be2 h5 13. a4 Neg4 14. h3 Ne4 15. Bb5+ Kd8 16. Rf4 Qh4 17. Qf3 Be6 18. Ba3 Qe1+ 19. Bf1 Ng5 20. Bxd6 Nxf3+ 21. Rxf3 Qh4 22. Bg3 Qg5 23. hxg4 hxg4 24. Rf4 Qh5 25. Nc3 Rc8 26. Bd3 Ke7 27. Raf1 Rh6 28. Bf5 g5 29. Rb4 b6 30. Nd4 Rch8 31. Kf2 Ra8 32. Ke2 Rhh8 0-1

[Event "EU-ch 20th"]
[Site "Skopje"]
[Date "2019.03.27"]
[Round "9"]
[White "Huttl, Sofie"]
[Black "Ivankovic, Ivo"]
[Result "0-1"]
[WhiteElo "1741"]
[BlackElo "2109"]
[PlyCount "130"]
[EventDate "2019.03.18"]
[EventType "swiss"]
[EventRounds "11"]
[EventCountry "MKD"]
[SourceTitle "CBM 189"]
[Source "ChessBase"]
[SourceDate "2019.04.29"]
[SourceVersion "1"]
[SourceVersionDate "2019.04.29"]
[SourceQuality "1"]

1. e4 c5 2. Nf3 d6 3. d4 cxd4 4. Nxd4 Nf6 5. Nc3 g6 6. Be3 Bg7 7. f3 0-0 8. Bc4 Nc6 9. Qd2 Bd7 10. 0-0-0 Qa5 11. Kb1 Rfc8 12. Bd3 Ne5 13. g4 Nc4 14. Bxc4 Rxc4 15. Nb3 Qa6 16. Bd4 Be6 17. g5 Nd7 18. Bxg7 Kxg7 19. h4 Rac8 20. h5 Ne5 21. Rdf1 Rxc3 22. bxc3 Nc4 23. Qf4 Na3+ 24. Kb2 Nb5 25. a4 Nxc3 26. hxg6 Nxa4+ 27. Kc1 fxg6 28. Nd4 Bg8 29. e5 Nc5 30. Kd2 Qa5+ 31. Ke3 Qc3+ 32. Kf2 Rf8 33. Qe3 Qxe3+ 34. Kxe3 dxe5 35. Nb5 Bc4 36. Rb1 a5 37. Nc3 Rb8 38. Rh4 Be6 39. Rb5 b6 40. Ne4 Nd7 41. Nd2 Rc8 42. c4 Rc6 43. Kd3 Bf5+ 44. Kc3 Rd6 45. Rd5 Be6 46. Rb5 Nc5 47. Rh2 Rd3+ 48. Kc2 Bf5 49. Kd1 Nd7 50. Rb3 Rd4 51. Ke1 Be6 52. Rc3 Nc5 53. Re2 Nd3+ 54. Kd1 Nb2+ 55. Kc2 Nxc4 56. Nxc4 Bxc4 57. Rxe5 Kf7 58. Ree3 e6 59. Re1 Rf4 60. Rh1 Kg7 61. Re3 b5 62. Kc3 Bd5 63. Rf1 b4+ 64. Kb2 a4 65. Kc1 h5 0-1

[Event "CRO-chT1A 27th"]
[Site "Biograd"]
[Date "2018.09.11"]
[Round "4.46"]
[White "Ivankovic, Ivo"]
[Black "Jukic, Branimir"]
[Result "0-1"]
[WhiteElo "2110"]
[BlackElo "2377"]
[PlyCount "46"]
[EventDate "2018.09.08"]
[EventType "team-tourn"]
[EventRounds "9"]
[EventCountry "CRO"]
[SourceTitle "CBM 186 Extra"]
[Source "ChessBase"]
[SourceDate "2018.08.24"]
[SourceVersion "1"]
[SourceVersionDate "2018.08.24"]
[SourceQuality "1"]
[WhiteTeam "Dubrovnik"]
[BlackTeam "Osijek Ferit"]
[WhiteTeamCountry "CRO"]
[BlackTeamCountry "CRO"]

1. c4 Nf6 2. Nc3 e5 3. Nf3 e4 4. Ng5 b5 5. Ngxe4 Nxe4 6. Nxe4 bxc4 7. Qa4 c6 8. e3 d5 9. Ng3 h5 10. d3 Qb6 11. dxc4 Bb4+ 12. Kd1 h4 13. Ne2 dxc4 14. Nc3 Be6 15. a3 Bxc3 16. bxc3 Qc5 17. Qb4 Qd5+ 18. Bd2 Nd7 19. Ke1 Rb8 20. Qa4 Nc5 21. Qxa7 0-0 22. Qe7 Ne4 23. Rd1 Rb1 0-1

[Event "CRO Cup"]
[Site "Mali Losinj"]
[Date "2018.05.19"]
[Round "5.83"]
[White "Ivankovic, Ivo"]
[Black "Nemec, Vjekoslav"]
[Result "0-1"]
[WhiteElo "2102"]
[BlackElo "2202"]
[PlyCount "96"]
[EventDate "2018.05.16"]
[EventType "team-swiss"]
[EventRounds "6"]
[EventCountry "CRO"]
[SourceTitle "CBM 184 Extra"]
[Source "ChessBase"]
[SourceDate "2018.06.28"]
[SourceVersion "1"]
[SourceVersionDate "2018.06.28"]
[SourceQuality "1"]
[WhiteTeam "Dubrovnik"]
[BlackTeam "Busevec Polet"]
[WhiteTeamCountry "CRO"]
[BlackTeamCountry "CRO"]

1. c4 c5 2. Nf3 g6 3. g3 Bg7 4. Bg2 Nc6 5. Nc3 e6 6. 0-0 Nge7 7. d3 0-0 8. Rb1 d6 9. Bd2 b6 10. a3 Bb7 11. b4 Qd7 12. b5 Nd4 13. Nxd4 cxd4 14. Na2 Bxg2 15. Kxg2 d5 16. Nb4 dxc4 17. dxc4 Rac8 18. Rc1 e5 19. Qb3 h6 20. Rfd1 Kh7 21. e4 f5 22. Qd3 Rf7 23. f3 fxe4 24. Qxe4 Nf5 25. Rf1 Nd6 26. Qd3 Qe6 27. Nc6 Rcf8 28. Bb4 Rxf3 29. Rxf3 e4 30. Rxf8 exd3 31. Re1 Qxc4 32. Re7 Nf5 33. Rd7 d2 34. Bxd2 Qe2+ 35. Kh3 h5 36. Rxf5 Qg4+ 37. Kg2 Qxf5 38. Re7 Qc2 39. Re2 Qd3 40. Rf2 Qxb5 41. Nxa7 Qd7 42. Bb4 Qxa7 43. Re2 d3 44. Rd2 Qd7 45. Kf2 Bh6 46. Rd1 Qd4+ 47. Kf1 Qe3 48. Bd2 Qe2+ 0-1

[Event "CRO Cup"]
[Site "Mali Losinj"]
[Date "2018.05.16"]
[Round "1.33"]
[White "Ivankovic, Ivo"]
[Black "Djurovic, Goran"]
[Result "1-0"]
[WhiteElo "2102"]
[BlackElo "2394"]
[PlyCount "151"]
[EventDate "2018.05.16"]
[EventType "team-swiss"]
[EventRounds "6"]
[EventCountry "CRO"]
[SourceTitle "CBM 184 Extra"]
[Source "ChessBase"]
[SourceDate "2018.06.28"]
[SourceVersion "1"]
[SourceVersionDate "2018.06.28"]
[SourceQuality "1"]
[WhiteTeam "Dubrovnik"]
[BlackTeam "Sesvete Sljeme"]
[WhiteTeamCountry "CRO"]
[BlackTeamCountry "CRO"]

1. c4 Nf6 2. Nc3 e6 3. e4 c5 4. e5 Ng8 5. Nf3 Nc6 6. Bd3 d6 7. exd6 Nf6 8. Ne4 Nxe4 9. Bxe4 Qxd6 10. 0-0 Be7 11. b3 0-0 12. Bb2 Rd8 13. Qe2 f6 14. Rad1 e5 15. Bb1 Nb4 16. Ne1 Nc6 17. Qh5 g6 18. Bxg6 hxg6 19. Qxg6+ Kf8 20. f4 exf4 21. Qh6+ Ke8 22. Rxf4 Nd4 23. Bxd4 cxd4 24. Nd3 f5 25. Qh5+ Kd7 26. Rxf5 Kc7 27. Rd5 Qf6 28. Rxd8 Bxd8 29. Rf1 Qg5 30. Qe8 Bd7 31. Rf7 Qf5 32. Qe5+ Qxe5 33. Nxe5 Kd6 34. Nxd7 Bg5 35. d3 Re8 36. Nf6 Be3+ 37. Kf1 Rh8 38. Ng4 Bd2 39. Rxb7 Rf8+ 40. Ke2 Bc3 41. Rxa7 Re8+ 42. Kf3 Rf8+ 43. Ke4 Re8+ 44. Kf5 Re2 45. h4 Rxg2 46. h5 Rg3 47. Ra6+ Kc5 48. Ne5 Bd2 49. a3 Rg5+ 50. Ke4 Rxe5+ 51. Kxe5 Bf4+ 52. Ke4 Bd2 53. b4+ Bxb4 54. axb4+ Kxb4 55. Kxd4 Kb3 56. c5 Kc2 57. c6 Kd2 58. c7 Ke2 59. h6 Kf3 60. h7 Kf4 61. Kc5 Ke3 62. d4 Ke4 63. d5 Ke5 64. h8R Ke4 65. d6 Ke5 66. d7 Ke4 67. d8R Ke5 68. c8R Ke4 69. Rhe8+ Kf5 70. Kb6 Kf4 71. Ka7 Kf5 72. Ka8 Kf4 73. Ra5 Kg4 74. Rc4+ Kf3 75. Ra3+ Kf2 76. Rc2+ 1-0

[Event "CRO-chT1B 26th"]
[Site "Mali Losinj"]
[Date "2017.10.05"]
[Round "8.26"]
[White "Bubalovic, Davorin"]
[Black "Ivankovic, Ivo"]
[Result "1/2-1/2"]
[WhiteElo "2241"]
[BlackElo "2129"]
[PlyCount "96"]
[EventDate "2017.09.28"]
[EventType "team-tourn"]
[EventRounds "9"]
[EventCountry "CRO"]
[SourceTitle "EXT 2018"]
[Source "ChessBase"]
[SourceDate "2017.10.13"]
[SourceVersion "1"]
[SourceVersionDate "2017.10.13"]
[SourceQuality "1"]
[WhiteTeam "Vinkovci"]
[BlackTeam "Dubrovnik"]
[WhiteTeamCountry "CRO"]
[BlackTeamCountry "CRO"]

1. e4 e6 2. d4 d5 3. Nc3 dxe4 4. Nxe4 Bd7 5. Nf3 Bc6 6. Bd3 Nd7 7. 0-0 Ngf6 8. Nxf6+ Nxf6 9. c3 Bxf3 10. Qxf3 c6 11. Re1 Be7 12. Qg3 Qd5 13. Re5 Qd7 14. Qf3 h6 15. Bd2 Nd5 16. a4 Bf6 17. Re2 Bg5 18. c4 Nc7 19. Bc3 0-0 20. Bc2 f5 21. Rd1 Rad8 22. a5 Bf6 23. Red2 Qe8 24. Ba4 Qg6 25. Bb4 Rf7 26. Bc5 a6 27. Bb6 Rdd7 28. d5 exd5 29. Bxc7 Rxc7 30. cxd5 Bg5 31. Rd3 Rf8 32. d6 Rd7 33. Bb3+ Kh8 34. Qg3 Qe8 35. h4 Bf6 36. Re3 Qh5 37. Qf3 Qxf3 38. Rxf3 Be5 39. Bc2 Rxd6 40. Rxd6 Bxd6 41. Rxf5 Rxf5 42. Bxf5 Bb4 43. Bc8 Bxa5 44. Bxb7 g5 45. h5 Bb4 46. Kf1 a5 47. Bxc6 Kg7 48. Ke2 Kf6 1/2-1/2

[Event "CRO-chT1B 26th"]
[Site "Mali Losinj"]
[Date "2017.10.01"]
[Round "4.4"]
[White "Malesevic, Elvino"]
[Black "Ivankovic, Ivo"]
[Result "1/2-1/2"]
[WhiteElo "1782"]
[BlackElo "2129"]
[PlyCount "117"]
[EventDate "2017.09.28"]
[EventType "team-tourn"]
[EventRounds "9"]
[EventCountry "CRO"]
[SourceTitle "EXT 2018"]
[Source "ChessBase"]
[SourceDate "2017.10.13"]
[SourceVersion "1"]
[SourceVersionDate "2017.10.13"]
[SourceQuality "1"]
[WhiteTeam "Zadar"]
[BlackTeam "Dubrovnik"]
[WhiteTeamCountry "CRO"]
[BlackTeamCountry "CRO"]

1. e4 c5 2. Nf3 g6 3. Be2 Bg7 4. 0-0 Nc6 5. c3 d5 6. exd5 Qxd5 7. Na3 Nf6 8. Nb5 Qd8 9. b3 a6 10. Na3 0-0 11. Bb2 b5 12. c4 b4 13. Nc2 Bf5 14. Ne3 Bd3 15. Re1 Re8 16. Bxd3 Qxd3 17. Qe2 Rad8 18. Rad1 Rd7 19. Bxf6 Qxe2 20. Rxe2 Bxf6 21. Ng4 Bg7 22. Nge5 Nxe5 23. Nxe5 Rd6 24. f4 e6 25. Kf2 a5 26. Re4 Red8 27. Re2 a4 28. Ke1 Ra8 29. Re3 axb3 30. axb3 Ra2 31. g3 Rda6 32. Rb1 Rc2 33. Kd1 Raa2 34. Nf3 Kf8 35. Rd3 Ke7 36. Ne1 Rcb2 37. Rxb2 Rxb2 38. Nf3 Rb1+ 39. Ke2 Rh1 40. h4 h6 41. Kf2 Rb1 42. Ke2 Bf6 43. Ke3 Ke8 44. Ke2 Bd8 45. Ne5 Bc7 46. Nd7 Rxb3 47. Nxc5 Rxd3 48. Kxd3 g5 49. hxg5 hxg5 50. Na6 Bd6 51. c5 gxf4 52. gxf4 Bxf4 53. Nxb4 Kd7 54. Kc3 Bg3 55. Nc2 f5 56. d4 Kc6 57. Kc4 f4 58. Nb4+ Kd7 59. Kd3 1/2-1/2

[Event "CRO Cup"]
[Site "Mali Losinj"]
[Date "2017.05.11"]
[Round "2.11"]
[White "Ivankovic, Ivo"]
[Black "Kovacevic, Matija"]
[Result "1/2-1/2"]
[WhiteElo "2174"]
[BlackElo "1993"]
[PlyCount "68"]
[EventDate "2017.05.10"]
[EventType "team-swiss"]
[EventRounds "6"]
[EventCountry "CRO"]
[SourceTitle "CBM 178 Extra"]
[Source "ChessBase"]
[SourceDate "2017.06.22"]
[SourceVersion "1"]
[SourceVersionDate "2017.06.22"]
[SourceQuality "1"]
[WhiteTeam "Dubrovnik"]
[BlackTeam "Buje"]
[WhiteTeamCountry "CRO"]
[BlackTeamCountry "CRO"]

1. c4 Nf6 2. Nf3 c5 3. g3 Nc6 4. Bg2 g6 5. 0-0 Bg7 6. Nc3 0-0 7. d4 cxd4 8. Nxd4 Nxd4 9. Qxd4 d6 10. Qd3 Nd7 11. b3 Nc5 12. Qc2 Bf5 13. Qd2 Ne4 14. Bxe4 Bxe4 15. Bb2 Bc6 16. Nd5 Bxb2 17. Qxb2 Bxd5 18. cxd5 Qa5 19. e4 Qb4 20. f3 Rac8 21. Rac1 Rc5 22. Rf2 Rfc8 23. Rfc2 Rxc2 24. Rxc2 Rxc2 25. Qxc2 Qc5+ 26. Qxc5 dxc5 27. a4 b6 28. e5 Kf8 29. Kf2 a6 30. Ke3 Ke8 31. Kd3 b5 32. axb5 axb5 33. f4 f5 34. Kc3 Kd7 1/2-1/2

[Event "CRO-chT1B 25th"]
[Site "Sibenik"]
[Date "2016.10.13"]
[Round "6.5"]
[White "Biliskov, Vjekoslav"]
[Black "Ivankovic, Ivo"]
[Result "1/2-1/2"]
[WhiteElo "2311"]
[BlackElo "2189"]
[PlyCount "114"]
[EventDate "2016.10.08"]
[EventType "team-tourn"]
[EventRounds "9"]
[EventCountry "CRO"]
[SourceTitle "EXT 2017"]
[Source "ChessBase"]
[SourceDate "2016.10.25"]
[SourceVersion "1"]
[SourceVersionDate "2016.10.25"]
[SourceQuality "1"]
[WhiteTeam "Bibinje Goran"]
[BlackTeam "Dubrovnik"]
[WhiteTeamCountry "CRO"]
[BlackTeamCountry "CRO"]

1. e4 e6 2. d4 d5 3. Nc3 dxe4 4. Nxe4 Bd7 5. Nf3 Bc6 6. Bd3 Nd7 7. 0-0 Ngf6 8. Neg5 Bd6 9. Re1 h6 10. Nh3 b6 11. Ba6 Bxf3 12. Qxf3 0-0 13. Bb7 Rb8 14. Bc6 b5 15. Nf4 b4 16. Nd3 Nb6 17. Ne5 Bxe5 18. dxe5 Nfd5 19. Qe4 Nc8 20. Bd2 Nce7 21. Bxd5 Nxd5 22. c4 bxc3 23. bxc3 c5 24. c4 Nb4 25. Be3 Qc7 26. a3 Na6 27. Rab1 Rb6 28. Rb5 Rfb8 29. a4 Rc8 30. f4 Qc6 31. Qxc6 Rbxc6 32. Rd1 R6c7 33. Kf2 Nb4 34. Rd2 a6 35. Rb6 Rc6 36. Rxc6 Rxc6 37. Kf3 Kh7 38. Ke4 g6 39. g4 h5 40. h3 hxg4 41. hxg4 Kg7 42. Rd6 Kf8 43. Rxc6 Nxc6 44. Bxc5+ Ke8 45. Be3 Kd7 46. Bd2 Nb8 47. Bc3 Kc6 48. Kd4 Nd7 49. Bb4 Nb6 50. a5 Nc8 51. Ke4 Na7 52. f5 gxf5+ 53. gxf5 Kd7 54. Kf4 Nc6 55. Bc3 Ke8 56. Kg5 Ne7 57. fxe6 fxe6 1/2-1/2

[Event "CRO-chT1B 25th"]
[Site "Sibenik"]
[Date "2016.10.10"]
[Round "3.3"]
[White "Ivankovic, Ivo"]
[Black "Ascic, Pero"]
[Result "1/2-1/2"]
[WhiteElo "2189"]
[BlackElo "2308"]
[PlyCount "72"]
[EventDate "2016.10.08"]
[EventType "team-tourn"]
[EventRounds "9"]
[EventCountry "CRO"]
[SourceTitle "EXT 2017"]
[Source "ChessBase"]
[SourceDate "2016.10.25"]
[SourceVersion "1"]
[SourceVersionDate "2016.10.25"]
[SourceQuality "1"]
[WhiteTeam "Dubrovnik"]
[BlackTeam "Pozega"]
[WhiteTeamCountry "CRO"]
[BlackTeamCountry "CRO"]

1. d4 Nf6 2. Nf3 b6 3. g3 Bb7 4. Bg2 e6 5. 0-0 Be7 6. c4 0-0 7. Nc3 Ne4 8. d5 Nxc3 9. bxc3 Bf6 10. Qb3 Na6 11. Ba3 Re8 12. e4 d6 13. Rad1 e5 14. Ne1 Nb8 15. Nd3 Ba6 16. Nb4 Bc8 17. Rfe1 Qd7 18. Nc2 Bg5 19. Ne3 g6 20. Bf1 Qd8 21. Qc2 a5 22. Bd3 Na6 23. Ng2 Bh3 24. Qe2 h5 25. Bc2 Kg7 26. Bc1 Bxc1 27. Rxc1 Bxg2 28. Kxg2 Nc5 29. Rf1 Qe7 30. Rce1 Rh8 31. f4 f6 32. Rf3 Raf8 33. Rh1 Qd7 34. h3 Qe7 35. Qf2 Rhg8 36. Qe2 Rh8 1/2-1/2

[Event "CRO Cup"]
[Site "Mali Losinj"]
[Date "2016.05.07"]
[Round "5.74"]
[White "Matanovic, Pavo"]
[Black "Ivankovic, Ivo"]
[Result "0-1"]
[WhiteElo "1737"]
[BlackElo "2190"]
[PlyCount "64"]
[EventDate "2016.05.04"]
[EventType "team-swiss"]
[EventRounds "6"]
[EventCountry "CRO"]
[SourceTitle "CBM 172 Extra"]
[Source "ChessBase"]
[SourceDate "2016.06.21"]
[SourceVersion "1"]
[SourceVersionDate "2016.06.21"]
[SourceQuality "1"]
[WhiteTeam "Slavonski Brod Djakovic"]
[BlackTeam "Dubrovnik"]
[WhiteTeamCountry "CRO"]
[BlackTeamCountry "CRO"]

1. e4 e6 2. d4 d5 3. e5 c5 4. c3 Nc6 5. Nf3 Nge7 6. Bd3 Nf5 7. g4 Nh4 8. Nbd2 cxd4 9. cxd4 Bb4 10. Be2 Nxf3+ 11. Bxf3 Nxd4 12. Qa4+ Nc6 13. 0-0 Bd7 14. Re1 Nxe5 15. Qxb4 Nd3 16. Rxe6+ fxe6 17. Qd4 Nxc1 18. Qxg7 Rf8 19. Rxc1 Qe7 20. Qh6 Rf6 21. Qe3 Bc6 22. g5 Rf5 23. Bh5+ Kd7 24. Nf3 Raf8 25. h4 Qd6 26. Bg4 Rf4 27. Ne5+ Kd8 28. f3 d4 29. Nxc6+ bxc6 30. Qd3 c5 31. Qa3 d3 32. Rxc5 Rxg4+ 0-1

[Event "CRO Cup"]
[Site "Mali Losinj"]
[Date "2016.05.06"]
[Round "4.33"]
[White "Kurajica, Bojan"]
[Black "Ivankovic, Ivo"]
[Result "1-0"]
[WhiteElo "2527"]
[BlackElo "2190"]
[PlyCount "39"]
[EventDate "2016.05.04"]
[EventType "team-swiss"]
[EventRounds "6"]
[EventCountry "CRO"]
[SourceTitle "CBM 172 Extra"]
[Source "ChessBase"]
[SourceDate "2016.06.21"]
[SourceVersion "1"]
[SourceVersionDate "2016.06.21"]
[SourceQuality "1"]
[WhiteTeam "Solin Cemex"]
[BlackTeam "Dubrovnik"]
[WhiteTeamCountry "CRO"]
[BlackTeamCountry "CRO"]

1. Nf3 d5 2. c4 c6 3. e3 e6 4. Nc3 Bd6 5. Qc2 Nd7 6. b3 Qe7 7. Bb2 Ngf6 8. Be2 0-0 9. 0-0 Re8 10. d4 e5 11. cxd5 Nxd5 12. Nxd5 cxd5 13. dxe5 Nxe5 14. Rfd1 Nc6 15. Rxd5 Be6 16. Ng5 Bxh2+ 17. Kxh2 Qc7+ 18. Kg1 Bxd5 19. Qxh7+ Kf8 20. Ba3+ 1-0

[Event "CRO-chT1B 24th"]
[Site "Bol"]
[Date "2015.10.05"]
[Round "3.56"]
[White "Ivankovic, Ivo"]
[Black "Matijevic, Hrvoje"]
[Result "1/2-1/2"]
[WhiteElo "2178"]
[BlackElo "2219"]
[PlyCount "63"]
[EventDate "2015.10.03"]
[EventType "team-tourn"]
[EventRounds "9"]
[EventCountry "CRO"]
[SourceTitle "CBM 168 Extra"]
[Source "ChessBase"]
[SourceDate "2015.10.29"]
[SourceVersion "1"]
[SourceVersionDate "2015.10.29"]
[SourceQuality "1"]
[WhiteTeam "Dubrovnik"]
[BlackTeam "Koprivnica Podravka"]
[WhiteTeamCountry "CRO"]
[BlackTeamCountry "CRO"]

1. c4 e5 2. Nc3 Nf6 3. Nf3 Nc6 4. g3 Bb4 5. Bg2 0-0 6. 0-0 Re8 7. Nd5 a5 8. d3 h6 9. Nxb4 axb4 10. Bd2 d5 11. cxd5 Nxd5 12. Qc2 Be6 13. Rfc1 Qd6 14. Qc5 Ra6 15. Qxd6 cxd6 16. a3 Rea8 17. Rab1 bxa3 18. bxa3 Rxa3 19. Rxb7 Ra1 20. Rbb1 Rxb1 21. Rxb1 Ra2 22. e3 Nde7 23. h4 g6 24. Rc1 Kg7 25. Rb1 Kh7 26. Bb4 Nxb4 27. Rxb4 Ra7 28. Rb2 Kg7 29. Rd2 Rc7 30. Rd1 Ra7 31. Rd2 Ra1+ 32. Kh2 1/2-1/2